[Event "chance to get even?"]
[Site "http://www.queenalice.com/game.php?id=438016"]
[Date "2008.7.23"]
[Round "-"]
[White "gordonpdx"]
[Black "grumo"]
[Result "1-0"]
[WhiteElo "1525"]
[BlackElo "1100"]

1. e4 d5 2. exd5 Qxd5 3. Nc3 Qe5+ 4. Be2 Qg5 5. Bf3 Nf6 6. d3 Qe5+ 7. Be3 e6 8.
Nge2 Bc5 9. d4 Bxd4 10. Bxd4 Qf5 11. Bxf6 Qxf6 12. O-O e5 13. Ne4 Qh4 14. N2c3
Bf5 15. Nc5 Nd7 16. Bxb7 Rb8 17. Bc6 O-O 18. N3a4 Nxc5 19. Nxc5 Rbd8 20. Qe2 Rd6
21. Be4 Rh6 22. h3 Bxe4 23. Nxe4 Rg6 24. Rad1 Rd6 25. Nxd6 cxd6 26. Rxd6 e4 27.
Qc4 e3 28. Qxh4 exf2+ 29. Rxf2 f6 30. Qc4+ Kh8 31. Rfd2 1-0

[Event "CHESSKING5 and grumo"]
[Site "http://www.queenalice.com/game.php?id=439199"]
[Date "2008.7.26"]
[Round "-"]
[White "CHESSKING5"]
[Black "grumo"]
[Result "0-1"]
[WhiteElo "1355"]
[BlackElo "1100"]

1. e4 e5 2. Nf3 d5 3. d3 dxe4 4. dxe4 Bb4+ 5. Bd2 Bxd2+ 6. Nbxd2 Nf6 7. Nxe5
Nbd7 8. Nxd7 Bxd7 9. a4 Bg4 10. Be2 O-O 11. Bxg4 Nxg4 12. Qxg4 g6 13. Qf3 Qd6
14. Qb3 Rad8 15. Rd1 Qf4 16. Qxb7 Rd7 17. Qxa7 Re8 18. f3 Qg5 19. g3 f5 20. O-O
Red8 21. f4 Qg4 22. Rf3 Rxd2 23. Rff1 Rxd1 24. Rxd1 Rxd1+ 25. Kf2 Rd2+ 26. Ke3
Qe2# 0-1

[Event "3rd time's a charm?"]
[Site "http://www.queenalice.com/game.php?id=442720"]
[Date "2008.8.2"]
[Round "-"]
[White "grumo"]
[Black "gordonpdx"]
[Result "0-1"]
[WhiteElo "1100"]
[BlackElo "1536"]

1. d4 Nf6 2. e3 g6 3. c3 d5 4. c4 c6 5. cxd5 cxd5 6. Nf3 Nc6 7. Ne5 Bg7 8. Nxc6
bxc6 9. Nc3 Bf5 10. Bd3 Ne4 11. Nxe4 Bxe4 12. Bxe4 dxe4 13. Qa4 Qd5 14. b3 O-O
15. Ba3 Bf6 16. Rc1 Rfc8 17. g4 Qd7 18. Rg1 Bg5 19. Bb2 f5 20. d5 Qxd5 21. Rd1
Qe6 22. f4 Bh4+ 23. Ke2 fxg4 24. Rgf1 g3 25. hxg3 Qg4+ 26. Kd2 Rd8+ 27. Bd4 Qxg3
28. Qxc6 Qg2+ 29. Kc3 Rdc8 30. Qc4+ Rxc4+ 31. bxc4 Qxa2 32. f5 Qa5+ 33. Kc2 Qa4+
34. Kd2 Qd7 35. fxg6 hxg6 36. Rf2 Bxf2 37. Rh1 Kf7 38. Ke2 Bg3 39. c5 Qg4+ 40.
Kd2 Rd8 41. Rh7+ Ke6 42. c6 Rxd4+ 43. exd4 Qf4+ 44. Kc2 Qd6 45. d5+ Qxd5 46. c7
Qc5+ 47. Kb3 Qxc7 0-1

[Event "Challenge"]
[Site "http://www.queenalice.com/game.php?id=448198"]
[Date "2008.8.13"]
[Round "-"]
[White "rafalcoforado"]
[Black "grumo"]
[Result "0-1"]
[WhiteElo "1366"]
[BlackElo "1305"]

1. e4 e5 2. Nf3 d6 3. Bb5+ c6 4. Ba4 f5 5. exf5 Bxf5 6. O-O Qf6 7. Qe2 Qg6 8.
Nh4 Qg4 9. Nf3 e4 10. Nd4 Qxe2 11. Nxe2 d5 12. Nd4 g6 13. f3 Bc5 14. c3 exf3 15.
Rxf3 Ne7 16. h3 O-O 17. g4 Be4 18. Rxf8+ Kxf8 19. Kf1 b5 20. Ne6+ Kf7 21. Nxc5
bxa4 22. Nxa4 Na6 23. Ke2 Rd8 24. d3 Bg2 25. Bg5 d4 26. Kf2 Rd5 27. Bxe7 Kxe7
28. Kxg2 dxc3 0-1

[Event "Challenge"]
[Site "http://www.queenalice.com/game.php?id=450630"]
[Date "2008.8.19"]
[Round "-"]
[White "gordonpdx"]
[Black "grumo"]
[Result "1-0"]
[WhiteElo "1558"]
[BlackElo "1349"]

1. d4 d5 2. c4 dxc4 3. Nf3 Nf6 4. Nc3 Ng4 5. e4 f6 6. Bxc4 e5 7. O-O exd4 8.
Nxd4 Ne5 9. Bb3 Qe7 10. Nd5 Qc5 11. Be3 Bg4 12. f3 Nxf3+ 13. gxf3 Bh3 14. Rc1
Qd6 15. Bf4 Qa6 16. Nxc7+ Kd7 17. Nxa6 Bxf1 18. Rc7+ Ke8 19. Bf7+ Kd8 20. Ne6#
1-0

[Event "AUTO-OPEN-1234"]
[Site "http://www.queenalice.com/game.php?id=450657"]
[Date "2008.8.19"]
[Round "1"]
[White "CarlosOlivas"]
[Black "grumo"]
[Result "1-0"]
[WhiteElo "1409"]
[BlackElo "1358"]

1. d4 d5 2. c4 dxc4 3. Nf3 Nf6 4. Qa4+ c6 5. Qxc4 Be6 6. Qc2 Ng4 7. e4 Qc7 8.
Nc3 Qb6 9. h3 Nf6 10. Be3 Bd7 11. Bc4 Na6 12. O-O Qb4 13. Ne5 c5 14. Bxf7+ Kd8
15. dxc5 Nxc5 16. Rad1 Ncxe4 17. Nxe4 Nxe4 18. Rxd7# 1-0

[Event "AUTO-OPEN-1234"]
[Site "http://www.queenalice.com/game.php?id=450658"]
[Date "2008.8.19"]
[Round "1"]
[White "grumo"]
[Black "CarlosOlivas"]
[Result "0-1"]
[WhiteElo "1344"]
[BlackElo "1364"]

1. d4 Nf6 2. c3 d5 3. e3 Nc6 4. Nf3 g6 5. Ne5 Bd7 6. Nxc6 Bxc6 7. b4 a6 8. c4
dxc4 9. Bxc4 Bxg2 10. Rg1 Bd5 11. Bxd5 Nxd5 12. Rg5 e6 13. Qa4+ b5 14. Qc2 Qxg5
15. Qc6+ Ke7 16. Qxa8 Qg1+ 17. Kd2 Qxf2+ 18. Kd3 Nxb4+ 19. Ke4 Qf5# 0-1

[Event "AUTO-OPEN-1234"]
[Site "http://www.queenalice.com/game.php?id=450677"]
[Date "2008.8.19"]
[Round "1"]
[White "joeking"]
[Black "grumo"]
[Result "1-0"]
[WhiteElo "1861"]
[BlackElo "1330"]

1. e4 e5 2. Nf3 Nc6 3. d4 d5 4. exd5 Qxd5 5. c4 Qe4+ 6. Be3 Nb4 7. Na3 Bg4 8.
Be2 f5 9. Nxe5 Qxg2 10. Kd2 Nc6 11. Bxg4 Nxe5 12. Be2 Bxa3 13. bxa3 Rd8 14. Qa4+
Nc6 15. f3 Ne7 16. Rag1 Qh3 17. Rxg7 Rg8 18. Rxg8+ Nxg8 19. d5 Ne7 20. Qb3 f4
21. Bxf4 Nd4 22. Qe3 Nxe2 23. Qxe2 Qf5 24. Qe4 Qxe4 25. fxe4 c6 26. Bc7 Rd7 27.
d6 Nc8 28. e5 Kf7 29. Ke3 Ke6 30. Ke4 Nb6 31. Bxb6 axb6 32. Rf1 b5 33. Rf6# 1-0

[Event "AUTO-OPEN-1234"]
[Site "http://www.queenalice.com/game.php?id=450678"]
[Date "2008.8.19"]
[Round "1"]
[White "grumo"]
[Black "joeking"]
[Result "0-1"]
[WhiteElo "1325"]
[BlackElo "1799"]

1. e4 c5 2. Bc4 Nc6 3. d3 e5 4. Qh5 g6 5. Qf3 Qe7 6. Nh3 Nd4 7. Qd1 Bg7 8. c3 b5
9. Bd5 Nc6 10. Bg5 Nf6 11. c4 a6 12. Nc3 Rb8 13. a4 bxc4 14. Rb1 Nd4 15. Bxc4
O-O 16. Nd5 Qd8 17. Bxf6 Bxf6 18. Nxf6+ Qxf6 19. Qd2 Kg7 20. Ng5 h6 21. Nf3
Nxf3+ 22. gxf3 Qxf3 23. Rg1 d6 24. Qe2 Qxe2+ 25. Kxe2 f5 26. h4 f4 27. f3 a5 28.
h5 g5 29. Kd2 Kf6 30. Bd5 Bd7 31. b3 Rfe8 32. Kc3 Re7 33. Kc4 Rg7 34. Kc3 g4 35.
Rbc1 g3 36. Rc2 Rg5 37. Rh1 Be8 0-1

[Event "AUTO-OPEN-1234"]
[Site "http://www.queenalice.com/game.php?id=450689"]
[Date "2008.8.19"]
[Round "1"]
[White "grumo"]
[Black "Mayaune"]
[Result "1-0"]
[WhiteElo "1337"]
[BlackElo "1230"]

1. Nc3 c6 2. d4 d5 3. e4 dxe4 4. Nxe4 e6 5. Qh5 Qd5 6. Qxd5 exd5 7. Nc5 Bxc5 8.
dxc5 Bf5 9. c4 Na6 10. Be3 O-O-O 11. Bg5 f6 12. Bf4 Nxc5 13. O-O-O 1-0

[Event "AUTO-OPEN-1234"]
[Site "http://www.queenalice.com/game.php?id=450690"]
[Date "2008.8.19"]
[Round "1"]
[White "Mayaune"]
[Black "grumo"]
[Result "0-1"]
[WhiteElo "1230"]
[BlackElo "1312"]

1. e4 d5 2. exd5 Qxd5 3. Nc3 Qe5+ 4. Qe2 Qxe2+ 5. Ngxe2 e5 6. Ne4 f5 7. N4g3 f4
8. Ne4 Nf6 9. Nxf6+ gxf6 10. d4 Nc6 11. d5 Nb4 12. Kd1 Nxd5 0-1

[Event "Grumo's revenge"]
[Site "http://www.queenalice.com/game.php?id=453982"]
[Date "2008.8.26"]
[Round "-"]
[White "grumo"]
[Black "gordonpdx"]
[Result "0-1"]
[WhiteElo "1318"]
[BlackElo "1619"]

1. c4 e5 2. d4 e4 3. d5 Bc5 4. Be3 Bxe3 5. fxe3 d6 6. Nc3 Bf5 7. Qd4 Nf6 8. g4
c5 9. Qd1 Bxg4 10. Qb3 b6 11. Qb5+ Bd7 12. Qb3 O-O 13. Bh3 Bxh3 14. Nxh3 h6 15.
Qc2 Re8 16. Nf2 Qd7 17. Nfxe4 Nxe4 18. Nxe4 Qf5 19. Nf6+ Qxf6 20. Rf1 Qh4+ 21.
Rf2 Qe4 22. Qxe4 Rxe4 23. Rf4 Rxe3 24. Rb1 Nd7 25. b4 Rae8 26. Kf2 Rxe2+ 27. Kf3
Rxh2 28. Rg1 Ne5+ 29. Kg3 Rxa2 30. Rf2 Ra4 31. Rfg2 g5 32. bxc5 bxc5 33. Rh2 Kg7
34. Rgh1 Rh8 35. Kf2 Ng4+ 36. Kg2 Nxh2 37. Rxh2 Ra2+ 0-1

[Event "Challenge"]
[Site "http://www.queenalice.com/game.php?id=454826"]
[Date "2008.8.28"]
[Round "-"]
[White "ousado"]
[Black "grumo"]
[Result "1-0"]
[WhiteElo "1825"]
[BlackElo "1305"]

1. f4 e6 2. Nf3 f5 3. h3 c6 4. g3 Nf6 5. d3 b6 6. Bg2 b5 7. O-O Qb6+ 8. e3 Nd5
9. Bd2 Bb4 10. d4 Bxd2 11. Qxd2 c5 12. c3 Nc6 13. Na3 b4 14. Nc4 Qc7 15. Nfe5
bxc3 16. bxc3 Ba6 17. Rab1 Rb8 18. Rb3 Rxb3 19. axb3 Na5 20. Qc2 Nxc4 21. bxc4
Nxe3 22. Qa4 Nxf1 23. Kxf1 Qb6 24. Qxd7+ Kf8 25. Qf7# 1-0

[Event "grumo gets mad?"]
[Site "http://www.queenalice.com/game.php?id=457572"]
[Date "2008.9.3"]
[Round "-"]
[White "gordonpdx"]
[Black "grumo"]
[Result "1-0"]
[WhiteElo "1668"]
[BlackElo "1351"]

1. d4 b5 2. e4 d5 3. e5 e6 4. Bxb5+ c6 5. Bd3 f6 6. Nf3 Nd7 7. Qe2 Qe7 8. O-O c5
9. Bb5 Rb8 10. Ba4 Rb4 11. Bxd7+ Bxd7 12. c3 Bb5 13. Qe1 Bxf1 14. cxb4 Bb5 15.
bxc5 g5 16. Nc3 Qb7 17. a4 Bd3 18. Ra3 Qb4 19. exf6 Nxf6 20. Qxe6+ Kd8 21. Qxf6+
Be7 22. Qxh8+ Kd7 23. Ne5+ Ke6 24. Qg8+ Kf6 25. Qf7# 1-0

[Event "Give grumo a break?"]
[Site "http://www.queenalice.com/game.php?id=472301"]
[Date "2008.10.3"]
[Round "-"]
[White "grumo"]
[Black "gordonpdx"]
[Result "0-1"]
[WhiteElo "1334"]
[BlackElo "1662"]

1. e4 e5 2. Nf3 Nc6 3. Nc3 g6 4. Nd5 Nf6 5. d3 Nxd5 6. exd5 Nb4 7. Nxe5 Qe7 8.
Bf4 Bg7 9. c3 Nxd5 10. Qg4 d6 11. c4 Bxg4 12. cxd5 Bxe5 13. Bxe5 Qxe5+ 14. Kd2
Qxd5 15. Re1+ Be6 16. f3 O-O 17. g4 Qxf3 18. d4 Qxh1 0-1

[Event "Challenge"]
[Site "http://www.queenalice.com/game.php?id=480978"]
[Date "2008.10.22"]
[Round "-"]
[White "grumo"]
[Black "gordonpdx"]
[Result "0-1"]
[WhiteElo "1330"]
[BlackElo "1635"]

1. e4 e5 2. g4 Qh4 3. Nf3 Qxg4 4. Nxe5 Qxe4+ 5. Qe2 Qxe2+ 6. Bxe2 Bd6 7. Nc4 Bf4
8. Rg1 Bh6 9. Nc3 Na6 10. Nb5 Ne7 11. b3 O-O 12. Bb2 f6 13. Ne3 d6 14. Bc4+ Kh8
15. Nd4 Nc5 16. b4 Na4 17. Rb1 a6 18. Ne6 Bxe6 19. Bxe6 Bxe3 20. fxe3 Nxb2 21.
Rxb2 b5 22. d4 Ng6 23. c3 Nh4 24. Rg4 g5 25. Bd5 Rab8 26. a3 h6 27. Ra2 h5 28.
Re4 Rfe8 29. Rxe8+ Rxe8 30. Ke2 f5 31. a4 f4 32. axb5 Rxe3+ 33. Kd2 axb5 34.
Ra8+ Kg7 35. Rc8 Kf6 36. Rxc7 Nf3+ 37. Bxf3 Rxf3 38. Rd7 Rf2+ 39. Ke1 Rxh2 40.
Rxd6+ Kf5 41. Kf1 f3 42. Rd5+ Kf4 43. Rxb5 g4 44. Rb8 Kg3 45. Rf8 Rh1# 0-1

[Event "Xmas Thrashing"]
[Site "http://www.queenalice.com/game.php?id=504946"]
[Date "2008.12.9"]
[Round "-"]
[White "grumo"]
[Black "gordonpdx"]
[Result "0-1"]
[WhiteElo "1325"]
[BlackElo "1787"]

1. b4 c6 2. Ba3 a5 3. c3 axb4 4. cxb4 Qb6 5. e3 e5 6. Bc4 Bxb4 7. Bxb4 Qxb4 8.
Bb3 d5 9. Qf3 Nf6 10. Nc3 Be6 11. Rb1 Qd6 12. Ba4 b5 13. Nxb5 Qd7 14. Nc3 e4 15.
Qf4 Na6 16. Rb6 Nc5 17. Rb8+ Ke7 18. Qg5 Raxb8 19. Qxg7 Rbg8 20. Qxh8 Rxh8 21.
f3 Rg8 22. Nge2 Rxg2 23. Nf4 Nd3+ 24. Nxd3 exd3 25. Kf1 Bh3 26. Ke1 d4 27. Ne4
Re2+ 28. Kd1 Bg2 29. Rg1 Bxf3 30. Rg3 Bxe4 31. Rg7 Qf5 32. Bb3 Qf1# 0-1